000
00309 a2200145 4500
001
178882
020
_a
040
_c
Magnum
100
_a
Teixeira, Yolanda Mourao
240
1
0
_a
O passaro azul
_l
por
245
1
0
_a
O passaro azul
362
0
_a
1899
697
_a
MAGNITO: IJ/FADAS, FANTASIA
942
_c
BK
999
_c
178882
_d
178882